| 000 | 00417nam a2200145Ia 4500 | ||
|---|---|---|---|
| 008 | 210430s9999 xx 000 0 und d | ||
| 020 | _a9788177581706 | ||
| 082 | _a670.42 K 141 M | ||
| 100 |
_aSteven R.Schmid, Serope Kalpakjian _9127770 |
||
| 245 |
_aManufacturing Engineering and Technology / _cSteven R.Schmid |
||
| 250 | _a4th edition | ||
| 260 |
_aIndia _bPearson _c2001 |
||
| 300 | _a1168p | ||
| 942 |
_cBK _2ddc |
||
| 999 |
_c564801 _d564801 |
||